Ville des Balkans - Carte quiz - Statistiques

Statistiques générales
  • Ce quiz a été pris 199 fois
  • Le résultat moyen est 12 sur 19
Réponses sur la Carte
Les réponses sont colorées sur une échelle allant du rouge au vert en fonction du pourcentage des utilisateurs qui les ont devinées à leur premier essai. Vous pouvez retrouver ces pourcentages ci-dessous.
 
Statistiques - réponses
Réponse % Correct
Athènes
83%
Istanbul
83%
Tirana
81%
Zagreb
81%
Sarajevo
80%
Pristina
78%
Belgrade
75%
Split
75%
Podgorica
74%
Skopje
73%
Thessalonique
72%
Sofia
63%
Novi Sad
56%
Patras
52%
Nis
46%
Zadar
46%
Varna
44%
Pula
34%
Plovdiv
33%
Aucun quiz correspondant
Distribution des résultats
% des personnes avec chaque résultat
Percentile par nombre de réponses
Votre historique - résultats
Vous n’avez pas pris ce quiz